[Event "TUR-ch (Women)"]
[Site "Antalya"]
[Date "2018.03.09"]
[Round "8"]
[White "Akkus, Betul"]
[Black "Cobanoglu, Deniz Ahcihoca"]
[Result "1/2-1/2"]
[WhiteElo "1252"]
[BlackElo "1734"]
[PlyCount "90"]
[EventDate "2018.03.05"]
[EventType "swiss"]
[EventRounds "9"]
[EventCountry "TUR"]
[SourceTitle "CBM 183 Extra"]
[Source "ChessBase"]
[SourceDate "2018.04.19"]
[SourceVersion "1"]
[SourceVersionDate "2018.04.19"]
[SourceQuality "1"]

1. d4 Nf6 2. c4 e6 3. e3 Bb4+ 4. Nc3 0-0 5. Bd3 d5 6. cxd5 exd5 7. a3 Bxc3+ 8. bxc3 c5 9. Nf3 cxd4 10. cxd4 Be6 11. 0-0 h6 12. Rb1 Qc7 13. Qb3 b6 14. Bd2 Qb7 15. Rfc1 Nbd7 16. Bb4 Rfc8 17. a4 Rxc1+ 18. Rxc1 Rc8 19. Qb2 Rxc1+ 20. Qxc1 Ne4 21. Nd2 Nxd2 22. Bxd2 Nb8 23. Qc2 Bd7 24. Bh7+ Kh8 25. Bd3 Kg8 26. f3 Nc6 27. Bb5 a6 28. Bxc6 Qxc6 29. Qxc6 Bxc6 30. a5 b5 31. Bb4 f5 32. f4 Kf7 33. Kf2 g5 34. Kg3 Kf6 35. h4 g4 36. Bf8 h5 37. Kf2 Ke6 38. g3 Kd7 39. Ke2 Bb7 40. Kd3 Ba8 41. Kc3 Kc6 42. Ba3 Bb7 43. Kb4 Ba8 44. Kc3 Bb7 45. Bb4 Ba8 1/2-1/2

[Event "TUR-ch (Women)"]
[Site "Antalya"]
[Date "2018.03.08"]
[Round "6"]
[White "Acar, Ilayda"]
[Black "Cobanoglu, Deniz Ahcihoca"]
[Result "1/2-1/2"]
[WhiteElo "1315"]
[BlackElo "1734"]
[PlyCount "89"]
[EventDate "2018.03.05"]
[EventType "swiss"]
[EventRounds "9"]
[EventCountry "TUR"]
[SourceTitle "CBM 183 Extra"]
[Source "ChessBase"]
[SourceDate "2018.04.19"]
[SourceVersion "1"]
[SourceVersionDate "2018.04.19"]
[SourceQuality "1"]

1. e4 d5 2. exd5 Qxd5 3. Nc3 Qd6 4. d4 Nf6 5. Nf3 c6 6. Be3 Bg4 7. Be2 e6 8. 0-0 Nbd7 9. h3 Bxf3 10. Bxf3 Qc7 11. Re1 Be7 12. Qd2 0-0 13. Rad1 Nd5 14. Nxd5 cxd5 15. Bf4 Bd6 16. Bxd6 Qxd6 17. b3 Rac8 18. Rc1 Nf6 19. c4 b6 20. Rc2 Rfd8 21. Qd3 dxc4 22. Rxc4 Rxc4 23. Qxc4 h6 24. Rd1 Rd7 25. Qc6 Qxc6 26. Bxc6 Rd6 27. Bf3 Nd5 28. Bxd5 Rxd5 29. f4 f6 30. Kf2 e5 31. Ke3 exf4+ 32. Kxf4 Kf7 33. Ke4 Ke6 34. Re1 Kd6 35. Kd3 h5 36. Re2 Rg5 37. Kc4 a5 38. a4 Rf5 39. Rd2 Rf4 40. Rc2 Rf5 41. Rd2 Rf4 42. Kb5 Kc7 43. Rc2+ Kb7 44. Rc6 Rf5+ 45. d5 1/2-1/2